El derecho de voto del accionista / (Record no. 21404)

MARC details
000 -LEADER
campo de control de longitud fija 00616nam a2200205 4500
001 - NÚMERO DE CONTROL
campo de control 21404
003 - IDENTIFICADOR DE NÚMERO DE CONTROL
campo de control ES-MaACL
005 - FECHA Y HORA DE LA ÚLTIMA TRANSACCIÓN
campo de control 20240127062956.0
007 - CAMPO FIJO DE DESCRIPCIÓN FÍSICA--INFORMACIÓN GENERAL
campo de control de longitud fija t|
008 - DATOS DE LONGITUD FIJA--INFORMACIÓN GENERAL
campo de control de longitud fija 021125s1977 sp |||| | spa d
080 ## - NÚMERO DE LA CLASIFICACIÓN DECIMAL UNIVERSAL
Número de la Clasificación Decimal Universal 347.72.023
100 1# - ENTRADA PRINCIPAL--NOMBRE DE PERSONA
Nombre de persona Alborch, Carmen,
Fechas asociadas al nombre 1947-2018
9 (RLIN) 145969
245 13 - MENCIÓN DEL TÍTULO
Título El derecho de voto del accionista /
Mención de responsabilidad, etc. Carmen Alborch Bataller ; prólogo de Manuel Broseta Pont.
260 ## - PUBLICACIÓN, DISTRIBUCIÓN, ETC.
Lugar de publicación, distribución, etc. Madrid :
Nombre del editor, distribuidor, etc. Tecnos,
Fecha de publicación, distribución, etc. 1977.
300 ## - DESCRIPCIÓN FÍSICA
Extensión 435 p. ;
Dimensiones 21 cm.
650 #4 - PUNTO DE ACCESO ADICIONAL DE MATERIA--TÉRMINO DE MATERIA
Término de materia o nombre geográfico como elemento de entrada Accionistas.
9 (RLIN) 145971
700 1# - ENTRADA AGREGADA--NOMBRE PERSONAL
Nombre de persona Broseta Pont, Manuel.
9 (RLIN) 31932
852 ## - LOCALIZACIÓN
Ubicación ES-MaACL
Número de control de estantería C-8436
Holdings
Estatus retirado Estado de pérdida Estado de daño No para préstamo Biblioteca de origen Biblioteca actual Ubicación en estantería Fecha de adquisición Fuente de adquisición Total de préstamos Signatura topográfica completa Código de barras Visto por última vez Precio de reemplazo Tipo de ítem Koha
        Biblioteca del Ateneo de Madrid Biblioteca del Ateneo de Madrid Sala Palomar 17/01/2008     C-8436 1021991 23/02/2023 23/02/2023 Libro impreso